Estadísticas para Países más cercanos a Malaui

Haz click aquí para intentar la prueba.

Estadísticas generales

  • Esta prueba ha sido intentada 29 veces
  • La puntuación promedio es 19 de 20

Estadísticas de respuestas

kmpaís% Correcto
936Angola
100%
795Kenia
100%
919Namibia
100%
292Rep Dem Congo
100%
0Tanzania
100%
0Zambia
100%
162Zimbabue
100%
0Mozambique
97%
707Sudáfrica
97%
820Botsuana
93%
1433Lesoto
93%
815Ruanda
93%
1232Somalia
93%
1028Suazilandia
93%
652Burundi
90%
942Uganda
90%
879Madagascar
86%
1449Sudán
86%
1434Sudán del Sur
83%
859Comoras
76%

Distribución de puntuación

Porcentaje por número respondido

Porcentaje de gente con cada puntuación

Historial de tus puntuaciones

No has intentado esta prueba.